000 00396 a2200145 4500
999 _c9077
_d9077
020 _a409056022
050 _aKTL1942 SMI 1982
100 _aSmith, Catherine
_eauthor
245 _aThe law of insolvency /
_cCatherine Smith
264 _aDurban :
_bButterworths
_c1982
300 _a476p.
_bill.
500 _aIncludes index
650 _aLaw of Insolvency
942 _2lcc
_cBK
_e2nd ed
_h1942
_iSMI
_kKTL